000 00596nam a2200181 i 4500
001 bg
245 0 0 _aWojewództwo zachodniopomorskie w 1998 roku :
_bważniejsze dane o województwie, powiatach, gminach /
_cUrząd Statystczny w Szczecinie.
260 _aSzczecin :
_bUS,
_c1999.
300 _a182 s. (głównie tabl.) :
_bmapy kolor. ;
_c24 cm.
651 9 _aSzczecin, okręg
_y1998 r.
655 _aDane statystyczne
710 0 _aUrząd Statystyczny (Szczecin)
040 _cBPK
041 0 _apl
080 _a311.3(438)(083.41)
942 _cKS
008 s pl f |000 0 pol
999 _c25356
_d25356
856 _uhttp://koha.tu.koszalin.pl/cgi-bin/koha/opac-detail.pl?biblionumber=25356
_yKatalog online BPK